| 000 | 01126aam a2200289 i 4500 | ||
|---|---|---|---|
| 001 | 8521 | ||
| 003 | CO-MdBIC | ||
| 005 | 20250609170103.0 | ||
| 008 | 211030s2019 sp ||||| |||| 00| 0 eng d | ||
| 020 | _a84-7645-442-2 | ||
| 040 |
_bspa. _aCO-MdFUSB _cCO-MdFUSB _dCO-MdFUSBC _erda |
||
| 041 |
_aspa _agrc |
||
| 082 | 0 | 4 | _aR 270.1 L724p |
| 100 | 1 | _aLightfoot, J. B. (1828-1889) | |
| 245 | 1 | 4 |
_aLos padres apostólicos _c/ J. B. Lightfoot |
| 260 | _aTerrassa, Barcelona, España : CLIE | ||
| 264 | 1 |
_aBarcelona : _bClie, _c[2019] |
|
| 264 | 4 | _c© 2019 | |
| 300 |
_a694 Pag _c; |
||
| 336 |
_2rdacontent _atexto _btxt |
||
| 337 |
_2rdamedia _asin mediación _bn |
||
| 338 |
_2rdacarrier _avolumen _bnc |
||
| 505 | _aLas epístolas de San Clemente de Roma -- Las epístolas de San de Ignacio -- Las epístolas de San Policarpo -- El martirio de San Policarpo -- La enseñanza de los apóstoles -- La epístola de Bernabé -- El pastor de Hermas -- La epístola de Diogneto -- Los fragmentos de Papías -- Las reliquias de los ancianos preservadas en Ireneo | ||
| 653 | _aPatrología | ||
| 942 | _cBK | ||
| 945 | _aEstudiante | ||
| 999 |
_c38662 _d38662 |
||